|
|
|
|
| LEADER |
00000nam a2200000Ii 4500 |
| 001 |
DIGOCTA0104 |
| 003 |
NyNyDIG |
| 006 |
m o d |
| 007 |
cr ||||||||||| |
| 008 |
130601r20102009sp o 000 0 spa d |
| 020 |
|
|
|a 9788499210728
|q (eBook)
|
| 020 |
|
|
|z 8499210244
|
| 020 |
|
|
|z 9788499210247
|
| 035 |
|
|
|a (OCoLC)888273323
|
| 040 |
|
|
|a DGITA
|b eng
|e pn
|c DGITA
|
| 050 |
1 |
4 |
|a PA27 eBook
|
| 100 |
1 |
|
|a García Marcos, Francisco,
|d 1959-
|
| 245 |
1 |
0 |
|a Aspectos de historia social de la lingüística.
|n 1.
|p De Mesopotamia al siglo XIX /
|c Francisco García Marcos.
|
| 246 |
3 |
0 |
|a De Mesopotamia al siglo XIX
|
| 264 |
|
1 |
|a Barcelona :
|b Editorial Octaedro,
|c 2010.
|
| 300 |
|
|
|a 1 online resource (191 pages)
|
| 336 |
|
|
|a text
|b txt
|2 rdacontent
|
| 337 |
|
|
|a computer
|b c
|2 rdamedia
|
| 338 |
|
|
|a online resource
|b cr
|2 rdacarrier
|
| 500 |
|
|
|a "Primera edición digital: mayo de 2010. Primera edición en papel: noviembre de 2009.
|
| 504 |
|
|
|a Includes bibliographical references (p. 169-188).
|
| 650 |
|
0 |
|a Classical philology.
|
| 650 |
|
0 |
|a Philology.
|
| 650 |
|
0 |
|a Social history.
|
| 655 |
|
0 |
|a Electronic books.
|
| 791 |
2 |
|
|a Digitalia (Firm),
|e distributor.
|
| 793 |
0 |
|
|g Digitalia eBook Collection:
|a Editorial Octaedro.
|
| 856 |
4 |
0 |
|3 Digitalia Hispánica
|u https://www.digitaliapublishing.com/a/12622/
|
| 910 |
|
|
|a Premium Collection: 2007-2012
|